Cuentos de amor, de locura y de muerte / (Registro nro. 37332)
[ vista simple ]
| 000 -CABECERA | |
|---|---|
| campo de control de longitud fija | 00505nam a2200157 a 4500 |
| 001 - NÚMERO DE CONTROL | |
| campo de control | 000037842 |
| 005 - FECHA Y HORA DE LA ÚLTIMA TRANSACCIÓN | |
| campo de control | 20201002031126.0 |
| 008 - DATOS DE LONGITUD FIJA--INFORMACIÓN GENERAL | |
| campo de control de longitud fija | 130307m2012 mx 000 0 spa d |
| 020 ## - NÚMERO INTERNACIONAL ESTÁNDAR DEL LIBRO | |
| Número Internacional Estándar del Libro | 9685146187 |
| 040 ## - FUENTE DE LA CATALOGACIÓN | |
| Centro catalogador/agencia de origen | DO-SdBNP |
| Lengua de catalogación | spa |
| Centro/agencia transcriptor | BNPHU |
| 100 1# - ENTRADA PRINCIPAL--NOMBRE DE PERSONA | |
| Nombre de persona | Quiroga, Horacio |
| 9 (RLIN) | 60086 |
| 245 10 - MENCIÓN DE TÍTULO | |
| Título | Cuentos de amor, de locura y de muerte / |
| Mención de responsabilidad, etc. | Horacio Quiroga. |
| 260 ## - PUBLICACIÓN, DISTRIBUCIÓN, ETC. | |
| Lugar de publicación, distribución, etc. | México : |
| Nombre del editor, distribuidor, etc. | Ediciones Leyenda, |
| Fecha de publicación, distribución, etc. | 2012. |
| 300 ## - DESCRIPCIÓN FÍSICA | |
| Extensión | 142 p. ; |
| Dimensiones | 22 cm. |
| 500 ## - NOTA GENERAL | |
| Nota general | Incluye datos biográficos del autor en la solapa de la cubierta |
| Estado de retiro | Estado de pérdida | Restricciones de uso | No para préstamo | Código de colección | Localización permanente | Ubicación/localización actual | Ubicación en estantería | Fecha de adquisición | Número de inventario | Total de préstamos | Signatura topográfica completa | Código de barras | Fecha visto por última vez | Precio válido a partir de | Tipo de ítem Koha | Número de copia |
|---|---|---|---|---|---|---|---|---|---|---|---|---|---|---|---|---|
| Monografías: Libros y Folletos | General | General | En catalogación | 07.03.2013 | LF1 | 37842-10 | 25.06.2020 | 25.06.2020 | Préstamo en sala | |||||||
| Préstamo restrigido | Monografías: Libros y Folletos | General | General | En catalogación | 07.03.2013 | LF1 | 37842-20 | 25.06.2020 | 25.06.2020 | Préstamo en sala | e. 2 |
